Aliments commençant par G - Statistiques

Statistiques générales
  • Ce quiz a été pris 3 153 fois
    3 141 depuis la dernière actualisation
  • Le résultat moyen est 13 sur 20
Statistiques - réponses
Par images Réponse % Correct
Gaufre
99%
Glace
96%
Grenade
92%
Gin
90%
Gnocchi
89%
Groseille
86%
Gingembre
85%
Guacamole
84%
Gaspacho
77%
Gland
76%
Gouda
75%
Granité
75%
Guimauve
72%
Gambas
69%
Gressin
48%
Goyave
45%
Ganache
35%
Gorgonzola
29%
Goulasch
16%
Génoise
11%
Aucun quiz correspondant
Distribution des résultats
% des personnes avec chaque résultat
Percentile par nombre de réponses
Votre historique - résultats
Vous n’avez pas pris ce quiz depuis la dernière actualisation